000 00451nam a2200145Ia 4500
008 220216s9999 xx 000 0 und d
100 _aGomez J B
245 0 _aParticle size distribution in Hevea latex : Some observations on the electron microscopic method
260 _bJournal of Natural Rubber Research
_c1989
300 _a204-211
650 _aElectron microscopic method
650 _aHevea latex
700 _aHamzah Samsidar
942 _cJS
999 _c64613
_d64613